|
|
|
|
| LEADER |
01674nam a2200301 i 4500 |
| 001 |
10015753 |
| 003 |
GR-PaULI |
| 005 |
20210117204913.0 |
| 008 |
881025t1997 uk g eng d |
| 952 |
|
|
|0 0
|1 0
|2 ddc
|4 0
|6 Π_410_300000000000000_CRY
|7 0
|9 162649
|a LISP
|b LISP
|c REF
|d 2016-04-24
|i 35353
|l 0
|o Π 410.3 CRY
|p 025000000448
|r 2016-04-24 00:00:00
|t 1
|y BKN
|
| 952 |
|
|
|0 0
|1 0
|2 ddc
|4 0
|6 Π_410_300000000000000_CRY
|7 0
|9 162650
|a LISP
|b LISP
|c REF
|d 2016-04-24
|i 044107
|l 1
|m 1
|o Π 410.3 CRY
|p 025000057635
|r 2017-04-24 00:00:00
|s 2017-03-21
|t 4
|y BK15
|
| 952 |
|
|
|0 0
|1 0
|2 ddc
|4 0
|6 Π_410_300000000000000_CRY
|7 0
|9 162651
|a LISP
|b LISP
|c REF
|d 2016-04-24
|i 040927
|l 0
|o Π 410.3 CRY
|p 025000002961
|r 2016-04-24 00:00:00
|t 2
|y BK15
|
| 952 |
|
|
|0 0
|1 0
|4 0
|6 R_410_300000000000000_C
|7 0
|9 162652
|a LTRT
|b LTRT
|d 2016-04-24
|i 044794
|l 0
|o R 410.3 C
|p 025000057374
|r 2016-04-24 00:00:00
|t 5
|v 2016.00
|w 2016-04-24
|y BK15
|
| 952 |
|
|
|0 0
|1 0
|2 ddc
|4 0
|6 Π_410_300000000000000_CRY
|7 0
|9 162653
|a LISP
|b LISP
|c REF
|d 2016-04-24
|i 043471
|l 0
|o Π 410.3 CRY
|p 025000056505
|r 2016-04-24 00:00:00
|t 3
|v 2016.00
|w 2016-04-24
|y BK15
|
| 999 |
|
|
|c 102036
|d 102036
|
| 020 |
|
|
|a 0631200975
|
| 040 |
|
|
|a GR-PaULI
|b gre
|c GR-PaULI
|e AACR2
|
| 082 |
0 |
4 |
|2 23
|a 410.3
|
| 100 |
1 |
|
|9 59505
|a Crystal, David,
|d 1941-
|e συγγραφέας
|
| 245 |
1 |
2 |
|a A dictionary of linguistics and phonetics /
|c David Crystal.
|
| 250 |
|
|
|a 4η έκδ.
|
| 260 |
|
|
|a Oxford :
|b Blackwell,
|c 1997.
|
| 300 |
|
|
|a xvi, 426 σ. ;
|c 24 εκ.
|
| 490 |
1 |
|
|a The language library / Blackwell
|
| 650 |
|
4 |
|a Γλωσσολογία
|x Εγκυκλοπαίδειες και λεξικά
|9 77776
|
| 830 |
|
0 |
|9 162847
|a The language library
|
| 942 |
|
|
|2 ddc
|c BKN
|
| 998 |
|
|
|c ΠΑΝΑΓΟΠΟΥΛΟΥ
|d 1999-02
|